000 01486nam0a2200313 4500
001 RU\NLR\bibl\192893
005 20250619090413.0
035 _a(NLR Aleph) 000189396
090 _a1094991
_c1094991
100 _a20011016d1999 |||y0rusy50 ca
101 0 _arus
_afre
102 _aRU
105 _aa |||||||||
200 1 _aМодерн в архитектуре Петербурга
_dPétersbourg: l'architecture art nouveau
_fБорис Кириков
_gПер.: Дан Бернфельд
_gКом. по гос. контролю, использованию и охране памятников истории и культуры Администрации Санкт-Петербурга
_zfre
210 _a[СПб.]
_cБ.и.
_d1999
215 _a[47] c.
_cил.
_d21
300 _aАвт. также на фр. яз.: Boris Kirikov
300 _aТекст парал. на рус. и фр. яз.
510 1 _6z45790
_aPétersbourg: l'architecture art nouveau
_zfre
606 1 _aМодерн (стиль)
_xв архитектуре
_yСанкт-Петербург, город
_92222243
_3RU\NLR\AUTH\661334317
686 1 _aЩ113(2Р=Рус)92Петербург
700 1 _aКириков
_bБ.
_f1948-
_gБорис Михайлович
_4070
790 1 _6z45510
_aKirikov
_bB. M.
_f1948-
_gBoris Michajlovič
_4070
801 0 _aRU
_bNLR
_c20011016
_gPSBO
801 1 _aRU
_bNLR
_c20011016
942 _cBOOK
980 _aNB